000 00320 a2200133 4500
000 nam a22 7a 4500
005 20260305162122.0
020 _a9781319546700
100 _aBenjamin A. Pierce
_91123606
245 _aGenetics: A Conceptual Approach
250 _a7th
260 _bMacmillan
_c2024
942 _cTEXL
999 _c1688472
_d1688472